000 00235nam a2200097Ia 4500
008 240331s9999 xx 000 0 und d
082 _bSUN
100 _aPasriyan,S
245 0 _aAbhivirithi evavaru samadanaththinai pathithadu
942 _cL
999 _c4740
_d4740